[Event "SLO-chT1 West"]
[Site "Slovenia"]
[Date "2022.10.14"]
[Round "4.3"]
[White "Stubljar, Andrej"]
[Black "Podvrsnik, Marko"]
[Result "1-0"]
[WhiteElo "2016"]
[BlackElo "2113"]
[PlyCount "61"]
[EventDate "2022.10.07"]
[EventType "team-tourn"]
[EventRounds "9"]
[EventCountry "SLO"]
[SourceTitle "CBM 210 Extra"]
[Source "ChessBase"]
[SourceDate "2022.11.30"]
[SourceVersion "1"]
[SourceVersionDate "2022.11.30"]
[SourceQuality "1"]
[WhiteTeam "Dolenjske Toplice"]
[BlackTeam "Kranj Stari Mayr"]
[WhiteTeamCountry "SLO"]
[BlackTeamCountry "SLO"]

1. e4 c5 2. c4 Nc6 3. Nc3 g6 4. g3 Bg7 5. Bg2 d6 6. Nge2 e6 7. 0-0 Nge7 8. Rb1 a6 9. a4 0-0 10. d3 h6 11. Be3 Nd4 12. b4 Kh7 13. f4 Rb8 14. Bf2 cxb4 15. Nxd4 bxc3 16. f5 Bd7 17. g4 Qa5 18. Nb3 Qxa4 19. Bb6 Qc6 20. Ba7 Ra8 21. e5 d5 22. Bc5 Bxe5 23. Bxe7 Rfe8 24. fxg6+ Kxg6 25. Bc5 Qc7 26. Qf3 Ba4 27. d4 Bxb3 28. Rxb3 Bxh2+ 29. Kh1 Kg7 30. Qf6+ Kg8 31. Rxc3 1-0

[Event "SLO-chT1 West"]
[Site "Slovenia"]
[Date "2022.10.07"]
[Round "1.3"]
[White "Janzelj, Lara"]
[Black "Podvrsnik, Marko"]
[Result "1/2-1/2"]
[WhiteElo "2193"]
[BlackElo "2113"]
[PlyCount "111"]
[EventDate "2022.10.07"]
[EventType "team-tourn"]
[EventRounds "9"]
[EventCountry "SLO"]
[SourceTitle "CBM 210 Extra"]
[Source "ChessBase"]
[SourceDate "2022.11.30"]
[SourceVersion "1"]
[SourceVersionDate "2022.11.30"]
[SourceQuality "1"]
[WhiteTeam "Ig"]
[BlackTeam "Kranj Stari Mayr"]
[WhiteTeamCountry "SLO"]
[BlackTeamCountry "SLO"]

1. d4 Nf6 2. c4 g6 3. Nc3 Bg7 4. e4 d6 5. Be2 0-0 6. Nf3 c6 7. h3 Qc7 8. 0-0 e5 9. d5 c5 10. Bg5 h6 11. Be3 Kh7 12. Kh2 Qe7 13. Bd3 Ng8 14. g4 Kh8 15. Qc2 Na6 16. a3 Nc7 17. Rg1 Ne8 18. Rab1 Nef6 19. b4 b6 20. a4 cxb4 21. Rxb4 Nd7 22. a5 bxa5 23. Rb5 a6 24. Rxa5 Rb8 25. Na4 Qd8 26. Qd2 Re8 27. c5 dxc5 28. Nxc5 Nxc5 29. Bxc5 f5 30. gxf5 gxf5 31. Rg6 Rb3 32. Ra3 Rxa3 33. Bxa3 Qd7 34. exf5 e4 35. Bb2 Bxb2 36. Qxb2+ Kh7 37. Bc2 exf3 38. Ba4 Re2 39. Bxd7 Rxb2 40. Bxc8 Ne7 41. Rd6 Rxf2+ 42. Kg3 Rg2+ 43. Kxf3 Nxc8 44. Rxa6 Rc2 45. Kf4 Rc3 46. h4 Rc4+ 47. Ke5 h5 48. Rc6 Rxc6 49. dxc6 Kg7 50. Ke6 Kf8 51. f6 Ke8 52. f7+ Kf8 53. Kf6 Ne7 54. Kg5 Nxc6 55. Kxh5 Kxf7 56. Kg5 1/2-1/2

[Event "SLO-chT 31st"]
[Site "Ljubljana"]
[Date "2021.09.18"]
[Round "5.5"]
[White "Podvrsnik, Marko"]
[Black "Rozic, Samo"]
[Result "0-1"]
[WhiteElo "2130"]
[BlackElo "2157"]
[PlyCount "118"]
[EventDate "2021.09.10"]
[EventType "team-tourn"]
[EventRounds "9"]
[EventCountry "SLO"]
[SourceTitle "CBM 204 Extra"]
[Source "ChessBase"]
[SourceDate "2021.11.30"]
[SourceVersion "1"]
[SourceVersionDate "2021.11.30"]
[SourceQuality "1"]
[WhiteTeam "Kranj Stari Mayr"]
[BlackTeam "Ig"]
[WhiteTeamCountry "SLO"]
[BlackTeamCountry "SLO"]

1. d4 f5 2. e4 fxe4 3. f3 e3 4. Bxe3 Nf6 5. Bd3 e6 6. Ne2 c5 7. dxc5 Na6 8. Bxa6 bxa6 9. Nd2 Nd5 10. Bd4 Qc7 11. Ne4 Bb7 12. Qd2 e5 13. Bf2 Nf6 14. Nd6+ Bxd6 15. cxd6 Qc6 16. Nc3 0-0 17. 0-0-0 e4 18. Bh4 exf3 19. gxf3 Qc4 20. Bxf6 Rxf6 21. Rhg1 Raf8 22. Rg4 Qe6 23. Rdg1 g6 24. f4 Bf3 25. R4g3 Rxf4 26. Re1 Qf5 27. b3 Bc6 28. Rge3 Rf2 29. R3e2 Rxe2 30. Nxe2 Re8 31. Nc3 Rxe1+ 32. Qxe1 Qf4+ 33. Qd2 Qxd2+ 34. Kxd2 Kf7 35. Ke3 Ke6 36. Kf4 h6 37. Nd1 Kxd6 38. Nf2 Ke6 39. h4 Kd5 40. c3 a5 41. Ke3 Ke6 42. Kf4 Kd5 43. Ke3 a4 44. Kf4 a5 45. Ng4 g5+ 46. hxg5 hxg5+ 47. Kf5 Kc5 48. Ne3 d5 49. Kxg5 Bb5 50. Nc2 Bd3 51. b4+ axb4 52. cxb4+ Kc4 53. Ne3+ Kd4 54. Kf4 a3 55. b5 Bxb5 56. Nc2+ Kc3 57. Nxa3 Bc4 58. Nxc4 dxc4 59. a4 Kb2 0-1

[Event "SLO-chT1 West 29th"]
[Site "Slovenia"]
[Date "2019.10.20"]
[Round "9.2"]
[White "Podvrsnik, Marko"]
[Black "Marinsek, Tomaz"]
[Result "1/2-1/2"]
[WhiteElo "2136"]
[BlackElo "2124"]
[PlyCount "132"]
[EventDate "2019.09.20"]
[EventType "team-tourn"]
[EventRounds "9"]
[EventCountry "SLO"]
[SourceTitle "CBM 192 Extra"]
[Source "Chessbase"]
[SourceDate "2019.11.06"]
[SourceVersion "1"]
[SourceVersionDate "2019.11.06"]
[SourceQuality "1"]
[WhiteTeam "Kranj Stari Mayr"]
[BlackTeam "Trebnje BMP"]
[WhiteTeamCountry "SLO"]
[BlackTeamCountry "SLO"]

1. d4 d5 2. c4 c6 3. Nf3 Nf6 4. g3 dxc4 5. Bg2 Bf5 6. Ne5 Bxb1 7. Rxb1 e6 8. 0-0 Be7 9. Nxc4 0-0 10. e4 Nbd7 11. Bf4 Nb6 12. Na5 Qd7 13. Qd2 Rfd8 14. Rfd1 Ne8 15. Be3 Rac8 16. b3 Qc7 17. Qe1 Rd7 18. Nc4 Nxc4 19. bxc4 b6 20. Bf4 Bd6 21. e5 Bf8 22. d5 cxd5 23. cxd5 Bc5 24. Bh3 Rcd8 25. Bg5 Rxd5 26. Bxd8 Qxd8 27. Rxd5 Qxd5 28. Qe2 Bd4 29. Rb5 Bc5 30. Bg2 Qd8 31. Rb1 g6 32. Rd1 Qc7 33. Qe4 Ng7 34. g4 h5 35. h3 hxg4 36. hxg4 Be7 37. Bf3 Bh4 38. Kg2 Qc5 39. Rd2 Kh7 40. Rc2 Qe7 41. Rc8 f5 42. exf6 Qxf6 43. Qa8 Kh6 44. Rh8+ Kg5 45. Qd8 Qxd8 46. Rxd8 Kf4 47. Rf8+ Ke5 48. Rf7 Ne8 49. Rxa7 Nd6 50. Rg7 Nb5 51. Bc6 Nd4 52. Be8 Ne2 53. Kf1 Nc3 54. Rxg6 Ne4 55. f3 Nf6 56. Bc6 Kd4 57. Ke2 e5 58. a4 Kc5 59. Bb7 Kb4 60. Bc6 Kc5 61. Bb5 Kd4 62. Rg7 Bg3 63. Bc6 Kc5 64. Rg6 Bh4 65. Bb7 Kb4 66. Bc6 Kc5 1/2-1/2

[Event "SLO-chT1 West 29th"]
[Site "Slovenia"]
[Date "2019.09.20"]
[Round "1.3"]
[White "Plaskan, Jure"]
[Black "Podvrsnik, Marko"]
[Result "1-0"]
[WhiteElo "2211"]
[BlackElo "2136"]
[PlyCount "83"]
[EventDate "2019.09.20"]
[EventType "team-tourn"]
[EventRounds "9"]
[EventCountry "SLO"]
[SourceTitle "CBM 192 Extra"]
[Source "Chessbase"]
[SourceDate "2019.11.06"]
[SourceVersion "1"]
[SourceVersionDate "2019.11.06"]
[SourceQuality "1"]
[WhiteTeam "Domzale Tajfun"]
[BlackTeam "Kranj Stari Mayr"]
[WhiteTeamCountry "SLO"]
[BlackTeamCountry "SLO"]

1. e4 c5 2. Nf3 d6 3. d4 cxd4 4. Nxd4 Nf6 5. f3 e5 6. Bb5+ Bd7 7. Bxd7+ Qxd7 8. Nf5 d5 9. Bg5 dxe4 10. Bxf6 Qxd1+ 11. Kxd1 gxf6 12. fxe4 Nc6 13. c3 Rg8 14. g3 0-0-0+ 15. Ke2 Rg4 16. Nd2 Ne7 17. Ne3 Rg6 18. Nf3 Bh6 19. Nh4 Rgg8 20. Rad1 Bxe3 21. Kxe3 Rxd1 22. Rxd1 Rd8 23. Rxd8+ Kxd8 24. g4 Kd7 25. Ng2 Ke6 26. h4 h5 27. gxh5 f5 28. h6 f4+ 29. Kf3 f6 30. h7 Ng6 31. h5 Nh8 32. Nh4 Kf7 33. Nf5 Kf8 34. c4 Nf7 35. Kf2 Nh8 36. b4 b6 37. c5 bxc5 38. bxc5 Kf7 39. c6 Ke6 40. Nh4 Kd6 41. Ng6 Nf7 42. h8Q 1-0

[Event "SLO-chT1 West"]
[Site "Slovenia"]
[Date "2018.10.28"]
[Round "9.3"]
[White "Podvrsnik, Marko"]
[Black "Rolih, Miran"]
[Result "1-0"]
[WhiteElo "2146"]
[BlackElo "1865"]
[PlyCount "89"]
[EventDate "2018.09.28"]
[EventType "team-tourn"]
[EventRounds "9"]
[EventCountry "SLO"]
[SourceTitle "CBM 187 Extra"]
[Source "ChessBase"]
[SourceDate "2018.11.04"]
[SourceVersion "1"]
[SourceVersionDate "2018.11.04"]
[SourceQuality "1"]
[WhiteTeam "Kranj Stari Mayr"]
[BlackTeam "Ilirska Bistrica Rimex"]
[WhiteTeamCountry "SLO"]
[BlackTeamCountry "SLO"]

1. d4 Nf6 2. c4 c5 3. d5 e6 4. Nc3 exd5 5. cxd5 d6 6. g3 g6 7. Bg2 Bg7 8. Nf3 0-0 9. Nd2 a6 10. a4 Nbd7 11. Nc4 Ng4 12. 0-0 Nde5 13. Na3 f5 14. f3 Nf6 15. f4 Neg4 16. Nc4 b6 17. h3 Nh6 18. Qc2 Re8 19. Kh2 Rb8 20. Bf3 Qd7 21. Bd2 b5 22. axb5 axb5 23. Na5 b4 24. Nc6 bxc3 25. Nxb8 Qc7 26. bxc3 Qxb8 27. Rfb1 Qc7 28. c4 Ne4 29. Ra3 Nxd2 30. Qxd2 g5 31. Bh5 Re4 32. Ra8 Nf7 33. Rbb8 Re8 34. Qa2 g4 35. hxg4 Kf8 36. gxf5 Bd7 37. Rxe8+ Bxe8 38. e4 Qb7 39. Qa4 Qe7 40. Bf3 Nd8 41. Qa5 Bf6 42. Qb6 h6 43. Ra7 Bd7 44. e5 dxe5 45. Rxd7 1-0

[Event "SLO-chT1 West"]
[Site "Slovenia"]
[Date "2018.10.26"]
[Round "7.3"]
[White "Podvrsnik, Marko"]
[Black "Gantar, Jan"]
[Result "1/2-1/2"]
[WhiteElo "2146"]
[BlackElo "2164"]
[PlyCount "82"]
[EventDate "2018.09.28"]
[EventType "team-tourn"]
[EventRounds "9"]
[EventCountry "SLO"]
[SourceTitle "CBM 187 Extra"]
[Source "ChessBase"]
[SourceDate "2018.11.04"]
[SourceVersion "1"]
[SourceVersionDate "2018.11.04"]
[SourceQuality "1"]
[WhiteTeam "Kranj Stari Mayr"]
[BlackTeam "Komenda"]
[WhiteTeamCountry "SLO"]
[BlackTeamCountry "SLO"]

1. d4 Nf6 2. Nf3 b5 3. Bf4 Bb7 4. e3 a6 5. a4 b4 6. Bd3 e6 7. 0-0 Be7 8. Nbd2 0-0 9. e4 d6 10. h3 Nbd7 11. c4 e5 12. Be3 exd4 13. Bxd4 Re8 14. Re1 Bf8 15. Qc2 Ne5 16. Nxe5 dxe5 17. Be3 Nd7 18. Nb3 c5 19. f3 Qc7 20. Bf1 Be7 21. Qf2 Rac8 22. g3 Nf8 23. h4 Qb6 24. Bh3 Rc7 25. Red1 Ne6 26. Nd2 Nd4 27. Bxd4 exd4 28. Bg2 d3 29. f4 Rd7 30. Re1 b3 31. Ra3 Qb4 32. Rxb3 Qxa4 33. e5 Bxg2 34. Qxg2 Bd8 35. Rb8 Rde7 36. b3 Qd7 37. Ne4 Ba5 38. Rxe8+ Rxe8 39. Rd1 Qd4+ 40. Kh2 Rb8 41. Nd6 Bc7 1/2-1/2

[Event "SLO-chT2 West"]
[Site "Komenda"]
[Date "2016.11.26"]
[Round "7.2"]
[White "Borstnik, Ales"]
[Black "Podvrsnik, Marko"]
[Result "0-1"]
[WhiteElo "1747"]
[BlackElo "2186"]
[PlyCount "58"]
[EventDate "2016.11.11"]
[EventType "team-tourn"]
[EventRounds "9"]
[EventCountry "SLO"]
[SourceTitle "EXT 2019"]
[Source "ChessBase"]
[SourceDate "2018.10.10"]
[SourceVersion "1"]
[SourceVersionDate "2018.10.10"]
[SourceQuality "1"]
[WhiteTeam "Trzin"]
[BlackTeam "Kranj Stari Mayr"]
[WhiteTeamCountry "SLO"]
[BlackTeamCountry "SLO"]

1. e4 c5 2. Nf3 d6 3. d4 cxd4 4. Nxd4 Nf6 5. Nc3 Nc6 6. Bg5 e6 7. Qd2 Be7 8. Bb5 Bd7 9. 0-0-0 h6 10. Bh4 Qc7 11. f4 Rd8 12. Bg3 0-0 13. Qf2 a6 14. Be2 b5 15. e5 Nxd4 16. Rxd4 dxe5 17. fxe5 Ne8 18. Ne4 Bc6 19. Rxd8 Qxd8 20. Bf3 Bd5 21. Rd1 Qa5 22. a3 b4 23. axb4 Qa1+ 24. Kd2 Qxb2 25. Nc3 Bxb4 26. Qd4 Nc7 27. Kd3 Bxf3 28. gxf3 Bxc3 29. Qxc3 Rd8+ 0-1

[Event "SLO-chT1 West"]
[Site "Ljubljana"]
[Date "2014.10.03"]
[Round "1"]
[White "Podvrsnik, Marko"]
[Black "Vrcon, Damijan"]
[Result "1-0"]
[WhiteElo "2187"]
[BlackElo "2225"]
[PlyCount "81"]
[EventDate "2014.10.03"]
[EventType "team-tourn"]
[EventRounds "9"]
[EventCountry "SLO"]
[SourceTitle "EXT 2019"]
[Source "ChessBase"]
[SourceDate "2018.10.10"]
[SourceVersion "1"]
[SourceVersionDate "2018.10.10"]
[SourceQuality "1"]
[WhiteTeam "Stari Mayr Kranj"]
[BlackTeam "Val Koper"]
[WhiteTeamCountry "SLO"]
[BlackTeamCountry "SLO"]

1. d4 g6 2. Nf3 Bg7 3. c4 c5 4. d5 d6 5. Nc3 Na6 6. e4 Nc7 7. Bf4 Bg4 8. Be2 Nf6 9. Qd2 Nd7 10. Bh6 Bf6 11. 0-0 Rg8 12. Be3 Bxf3 13. Bxf3 g5 14. Be2 Ne5 15. a3 b6 16. b4 g4 17. Kh1 Qd7 18. bxc5 dxc5 19. a4 h5 20. a5 Rb8 21. Rfb1 Qd6 22. f4 gxf3 23. gxf3 Qd7 24. Rg1 Rxg1+ 25. Rxg1 Kd8 26. axb6 axb6 27. f4 Ng4 28. e5 Bh4 29. Bf3 Nxe3 30. Qxe3 Qh3 31. Qe2 Ne8 32. Nb5 Ra8 33. Bxh5 Qf5 34. Rf1 Nc7 35. Bg4 Qg6 36. Nc3 Ra3 37. Ne4 f5 38. exf6 Bxf6 39. d6 exd6 40. Nxd6 Be7 41. Nb7+ 1-0

[Event "SLO-chT2 West"]
[Site "Ljubljana"]
[Date "2013.11.10"]
[Round "4.3"]
[White "Podvrsnik, Marko"]
[Black "Kobe, Uros"]
[Result "1-0"]
[WhiteElo "2175"]
[BlackElo "2155"]
[PlyCount "58"]
[EventDate "2013.11.08"]
[EventType "team"]
[EventRounds "9"]
[EventCountry "SLO"]
[SourceTitle "EXT 2015"]
[Source "ChessBase"]
[SourceDate "2014.11.20"]
[SourceVersion "1"]
[SourceVersionDate "2014.11.20"]
[SourceQuality "1"]
[WhiteTeam "Stari Mayr Kranj"]
[BlackTeam "Stari Trg ob Kolpi"]
[WhiteTeamCountry "SLO"]
[BlackTeamCountry "SLO"]

1. d4 Nf6 2. Nf3 g6 3. g3 d5 4. c4 Bg7 5. Nc3 c6 6. Bg2 dxc4 7. a4 0-0 8. 0-0 a5 9. e4 Bg4 10. Be3 Nbd7 11. Qe2 Nb6 12. Rfd1 Rc8 13. h3 Bxf3 14. Bxf3 Qd7 15. d5 c5 16. e5 Ne8 17. Bg4 Qc7 18. Bxc8 Qxc8 19. Ne4 Qxh3 20. Bxc5 Nc8 21. d6 exd6 22. exd6 Qd7 23. Qxc4 b6 24. Ba3 Nf6 25. Nxf6+ Bxf6 26. Rac1 Be5 27. Qb5 Qe6 28. Qd5 Qf6 29. d7 Bxg3 1-0

[Event "SLO-chT1 West"]
[Site "Ljubljana"]
[Date "2012.10.12"]
[Round "7.3"]
[White "Podvrsnik, Marko"]
[Black "Znidarcic, Andrej"]
[Result "1/2-1/2"]
[WhiteElo "2204"]
[BlackElo "2171"]
[PlyCount "110"]
[EventDate "2012.09.21"]
[EventType "team-tourn"]
[EventRounds "9"]
[EventCountry "SLO"]
[SourceTitle "EXT 2022"]
[Source "ChessBase"]
[SourceDate "2021.10.06"]
[SourceVersion "1"]
[SourceVersionDate "2021.10.06"]
[SourceQuality "1"]
[WhiteTeam "Kranj Stari Mayr"]
[BlackTeam "Piran"]
[WhiteTeamCountry "SLO"]
[BlackTeamCountry "SLO"]

1. d4 d5 2. Nf3 Nf6 3. c4 e6 4. g3 Bb4+ 5. Bd2 Bxd2+ 6. Nbxd2 0-0 7. Bg2 Nbd7 8. 0-0 c6 9. Qc2 h6 10. e4 dxe4 11. Nxe4 Qc7 12. Rfe1 Nxe4 13. Rxe4 Nf6 14. Re2 Bd7 15. Rd1 Rad8 16. b4 a5 17. a3 axb4 18. axb4 Ra8 19. Qb3 Ra7 20. Ra2 Rfa8 21. Rda1 Rxa2 22. Rxa2 Rd8 23. Ra7 Bc8 24. Qa4 Qd6 25. Ra8 g6 26. Qa5 Kg7 27. h3 Re8 28. c5 Qd7 29. Qa1 Nd5 30. Ne5 Qe7 31. Ra4 Rd8 32. Nc4 Qf6 33. Nd6 Bd7 34. Nxb7 Rb8 35. Bxd5 exd5 36. Nd6 Bxh3 37. Ra7 Be6 38. Rb7 Rf8 39. b5 cxb5 40. Qe1 Kg8 41. Qe3 Ra8 42. Kg2 h5 43. Qf4 Qxf4 44. gxf4 Ra4 45. Nxb5 Rb4 46. c6 Rc4 47. c7 Kg7 48. Nd6 Rc6 49. c8Q Rxc8 50. Nxc8 Bxc8 51. Rb5 Be6 52. Kg3 Kf6 53. Rb8 Kf5 54. Kf3 Kf6 55. Kg3 Kf5 1/2-1/2

[Event "SLO-chT1a West"]
[Site "Ljubljana"]
[Date "2009.10.17"]
[Round "8.2"]
[White "Podvrsnik, Marko"]
[Black "Rodman, Franc"]
[Result "0-1"]
[WhiteElo "2200"]
[BlackElo "2176"]
[PlyCount "95"]
[EventDate "2009.10.09"]
[EventType "team-tourn"]
[EventRounds "9"]
[EventCountry "SLO"]
[SourceTitle "EXT 2012"]
[Source "ChessBase"]
[SourceDate "2011.11.24"]
[SourceVersion "1"]
[SourceVersionDate "2011.11.24"]
[SourceQuality "1"]
[WhiteTeam "Kranj Stari Mayr"]
[BlackTeam "Jesenice"]
[WhiteTeamCountry "SLO"]
[BlackTeamCountry "SLO"]

1. d4 Nf6 2. Nf3 g6 3. g3 Bg7 4. Bg2 0-0 5. 0-0 d6 6. c4 c5 7. d5 b5 8. cxb5 a6 9. b6 Nbd7 10. Nc3 Qxb6 11. h3 Ne8 12. Qc2 Nc7 13. Nd2 Nb5 14. Nc4 Qd8 15. a4 Nxc3 16. bxc3 a5 17. Rb1 Ba6 18. Na3 c4 19. Be3 Qc8 20. Nb5 Nc5 21. Nd4 Bxd4 22. cxd4 Nb3 23. Rb2 Qd7 24. Ra2 Rab8 25. h4 Rfc8 26. h5 Rc7 27. Bf3 Bc8 28. hxg6 hxg6 29. g4 Qe8 30. Kg2 Qf8 31. Qe4 Qg7 32. Rh1 f5 33. Qf4 Bd7 34. gxf5 Bxf5 35. Qh4 c3 36. Bh6 Qxd4 37. e4 Rb4 38. Bf4 Qg7 39. exf5 Rcc4 40. Qg5 Rxf4 41. fxg6 Qf6 42. Qxf6 Rxf6 43. Bh5 Nd4 44. Ra3 c2 45. Rc3 Rf8 46. Bg4 Rb1 47. f3 Rxh1 48. Kxh1 0-1

[Event "SLO-chT1a West"]
[Site "Ljubljana"]
[Date "2009.10.16"]
[Round "6.2"]
[White "Podvrsnik, Marko"]
[Black "Doric, Nenad"]
[Result "1/2-1/2"]
[WhiteElo "2200"]
[BlackElo "2356"]
[PlyCount "44"]
[EventDate "2009.10.09"]
[EventType "team-tourn"]
[EventRounds "9"]
[EventCountry "SLO"]
[SourceTitle "EXT 2012"]
[Source "ChessBase"]
[SourceDate "2011.11.24"]
[SourceVersion "1"]
[SourceVersionDate "2011.11.24"]
[SourceQuality "1"]
[WhiteTeam "Kranj Stari Mayr"]
[BlackTeam "Kocevje"]
[WhiteTeamCountry "SLO"]
[BlackTeamCountry "SLO"]

1. d4 d5 2. Nf3 Nf6 3. c4 c6 4. g3 Bg4 5. Ne5 Bf5 6. Bg2 e6 7. 0-0 Be7 8. b3 Nbd7 9. Bb2 0-0 10. Nc3 Qc7 11. Rc1 Qb8 12. Nxd7 Nxd7 13. e4 dxe4 14. Nxe4 Rd8 15. Qe2 Nf6 16. f3 Rd7 17. Rfd1 Qf8 18. c5 Rad8 19. b4 a6 20. a4 Nd5 21. Ba3 Ra8 22. Rd3 Qd8 1/2-1/2

[Event "SLO-chT1 East"]
[Site "Celje"]
[Date "2006.11.06"]
[Round "4"]
[White "Djurkovic, Maks"]
[Black "Podvrsnik, Marko"]
[Result "0-1"]
[WhiteElo "2247"]
[BlackElo "2205"]
[PlyCount "126"]
[EventDate "2006.11.04"]
[EventType "team-tourn"]
[EventRounds "9"]
[EventCountry "SLO"]
[SourceTitle "EXT 2008"]
[Source "ChessBase"]
[SourceDate "2007.11.25"]
[SourceVersion "1"]
[SourceVersionDate "2007.11.25"]
[SourceQuality "1"]

1. d4 Nf6 2. Nf3 g6 3. e3 Bg7 4. Bd3 0-0 5. 0-0 c5 6. dxc5 Qc7 7. a3 a5 8. c4 Ng4 9. Ra2 Qxc5 10. b4 Qc7 11. Qb3 axb4 12. axb4 Rxa2 13. Qxa2 Nc6 14. Bd2 Nce5 15. Nxe5 Nxe5 16. Be2 b6 17. Nc3 e6 18. Nb5 Qb8 19. c5 bxc5 20. bxc5 Bb7 21. f4 Bd5 22. Qa4 Qa8 23. Qxa8 Rxa8 24. fxe5 Ra2 25. Rd1 Bb3 26. Bc3 Rxe2 27. Rxd7 Bh6 28. Rd8+ Kg7 29. Bd4 Bg5 30. Rb8 Bd5 31. Nc7 Bxg2 32. Ne8+ Kh6 33. Nf6 Bf3 34. Rh8 Bh4 35. Rxh7+ Kg5 36. Rxh4 Kxh4 37. e4 Rg2+ 38. Kf1 Rc2 39. Ne8 Bxe4 40. Nd6 Bd5 41. Nxf7 Rxh2 42. Be3 Kg4 43. Ke1 Kf3 44. Bh6 Rc2 45. Bf8 Ke3 46. Bh6+ Kd3 47. Bf8 Kd4 48. Be7 Ra2 49. Nh8 Be4 50. Bd6 Ra7 51. c6 Rh7 52. Nxg6 Bxg6 53. c7 Rh8 54. Kf2 Be4 55. Kg3 Rg8+ 56. Kf4 Bb7 57. Be7 Kd5 58. Bd6 Kc6 59. Ke3 Rg3+ 60. Kf4 Rd3 61. Kg5 Rxd6 62. exd6 Kxd6 63. Kf6 Bc8 0-1

[Event "Kranj op 2nd"]
[Site "Kranj"]
[Date "2005.07.05"]
[Round "9"]
[White "Mencinger, Vojko"]
[Black "Podvrsnik, Marko"]
[Result "1/2-1/2"]
[WhiteElo "2355"]
[BlackElo "2194"]
[PlyCount "112"]
[EventDate "2005.06.??"]
[EventType "swiss"]
[EventRounds "9"]
[EventCountry "SLO"]
[SourceTitle "EXT 2006"]
[Source "ChessBase"]
[SourceDate "2005.11.24"]
[SourceVersion "1"]
[SourceVersionDate "2005.11.24"]
[SourceQuality "1"]

1. e4 c5 2. Nf3 d6 3. d4 cxd4 4. Nxd4 Nf6 5. Nc3 Nc6 6. f3 a6 7. Be3 e6 8. Qd2 Qc7 9. 0-0-0 Rb8 10. g4 g6 11. h4 b5 12. Nxc6 Qxc6 13. Bd4 Bg7 14. g5 Nh5 15. Bxg7 Nxg7 16. Qxd6 Qxd6 17. Rxd6 Ke7 18. Rd2 Bd7 19. Bg2 b4 20. Ne2 e5 21. f4 Bb5 22. fxe5 Bxe2 23. Rxe2 h6 24. Rd1 hxg5 25. hxg5 Ne6 26. Red2 Nxg5 27. Bf1 Rhd8 28. Rxd8 Rxd8 29. Rxd8 Kxd8 30. Bxa6 Nxe4 31. Bc4 Ke7 32. a4 bxa3 33. bxa3 Nc5 34. Kd2 Nd7 35. e6 Nb6 36. Bb3 fxe6 37. Ke3 g5 38. Kf3 Nd7 39. Kg4 Kf6 40. a4 Ne5+ 41. Kg3 Nc6 42. Bc4 Kf5 43. Bd3+ Kf6 44. c3 Ke5 45. Kf3 Na5 46. Kg4 Kf6 47. Bb5 Nb3 48. Be2 Na5 49. Kf3 Kf5 50. Ke3 g4 51. Bf1 Nb3 52. Bg2 Ke5 53. Bh1 Kd6 54. Be4 Kc5 55. Bd3 e5 56. Be2 g3 1/2-1/2

[Event "Kranj op 2nd"]
[Site "Kranj"]
[Date "2005.07.03"]
[Round "7"]
[White "Podvrsnik, Marko"]
[Black "Gruskovnjak, Tomislav"]
[Result "1-0"]
[WhiteElo "2194"]
[BlackElo "2290"]
[PlyCount "117"]
[EventDate "2005.06.??"]
[EventType "swiss"]
[EventRounds "9"]
[EventCountry "SLO"]
[SourceTitle "EXT 2006"]
[Source "ChessBase"]
[SourceDate "2005.11.24"]
[SourceVersion "1"]
[SourceVersionDate "2005.11.24"]
[SourceQuality "1"]

1. d4 d5 2. c4 Nc6 3. Nc3 dxc4 4. d5 Ne5 5. Bf4 Ng6 6. Bg3 e5 7. e4 Bd6 8. Bxc4 a6 9. h4 h5 10. Be2 Nf6 11. Nf3 Qe7 12. Nd2 b5 13. Qc2 Bd7 14. a4 b4 15. Nd1 0-0 16. f3 c6 17. dxc6 Rfc8 18. Ne3 Rxc6 19. Ndc4 Nf4 20. Bf1 b3 21. Qxb3 Rb8 22. Qa2 Bb4+ 23. Kf2 Bc5 24. Kg1 Be6 25. Bf2 Qa7 26. b3 Bd4 27. Rb1 Nd7 28. g3 Ng6 29. Nd5 Bxd5 30. exd5 Rf6 31. Bg2 e4 32. f4 Nxf4 33. gxf4 Rxf4 34. Rb2 e3 35. Bg3 Bxb2 36. Bxf4 e2+ 37. Kh2 Qd4 38. Bg3 Nf6 39. Qxb2 Ng4+ 40. Kh3 Qd3 41. Ne5 Qe3 42. Qc1 Qd4 43. Qc4 Qe3 44. Qf4 Qxf4 45. Bxf4 Rxb3+ 46. Bf3 Nf2+ 47. Kg2 Nxh1 48. Bxe2 f6 49. Nc4 g5 50. Bc7 g4 51. Kxh1 Kf7 52. Kg2 Ke7 53. d6+ Ke6 54. a5 f5 55. Nb6 Rb2 56. Kf1 Rb1+ 57. Kf2 f4 58. d7 g3+ 59. Kf3 1-0

[Event "SLO-chT 14th"]
[Site "Celje"]
[Date "2004.12.05"]
[Round "9"]
[White "Kos, Toni"]
[Black "Podvrsnik, Marko"]
[Result "1-0"]
[WhiteElo "2352"]
[BlackElo "2223"]
[PlyCount "83"]
[EventDate "2004.11.29"]
[EventType "team-tourn"]
[EventRounds "9"]
[EventCountry "SLO"]
[SourceTitle "CBM 103 Extra"]
[Source "ChessBase"]
[SourceDate "2005.01.01"]
[SourceVersion "1"]
[SourceVersionDate "2005.01.01"]
[SourceQuality "1"]
[WhiteTeam "Krsko Triglav"]
[BlackTeam "Grize"]
[WhiteTeamCountry "SLO"]
[BlackTeamCountry "SLO"]

1. Nc3 d5 2. Nf3 Nf6 3. d3 g6 4. g3 Bg7 5. Bg2 b6 6. Bf4 Bb7 7. Nb5 Na6 8. Qc1 c6 9. Nc3 h6 10. d4 Nd7 11. 0-0 g5 12. Be3 e6 13. a4 Qe7 14. Re1 f5 15. Na2 Bf6 16. c4 g4 17. Nd2 h5 18. cxd5 cxd5 19. Nc3 Rc8 20. Qb1 Nb4 21. a5 bxa5 22. Nb3 a6 23. Nxa5 Ba8 24. Rc1 Kf7 25. Na4 Bg5 26. Bxg5 Qxg5 27. Nb3 Bc6 28. Nc3 h4 29. Na5 hxg3 30. hxg3 f4 31. Nxc6 Rxc6 32. Ra4 a5 33. gxf4 Qxf4 34. e3 Qh2+ 35. Kf1 Nb6 36. Rxa5 Nc4 37. Ra7+ Kf6 38. Rd1 Qb8 39. Rh7 Rc7 40. Rxh8 Qxh8 41. Ne2 Qh6 42. Ke1 1-0

[Event "SLO-chT 14th"]
[Site "Celje"]
[Date "2004.12.02"]
[Round "5"]
[White "Podvrsnik, Marko"]
[Black "Gruskovnjak, Tomislav"]
[Result "0-1"]
[WhiteElo "2223"]
[BlackElo "2313"]
[PlyCount "71"]
[EventDate "2004.11.29"]
[EventType "team-tourn"]
[EventRounds "9"]
[EventCountry "SLO"]
[SourceTitle "CBM 103 Extra"]
[Source "ChessBase"]
[SourceDate "2005.01.01"]
[SourceVersion "1"]
[SourceVersionDate "2005.01.01"]
[SourceQuality "1"]
[WhiteTeam "Grize"]
[BlackTeam "Radenska Pomgrad"]
[WhiteTeamCountry "SLO"]
[BlackTeamCountry "SLO"]

1. d4 d5 2. Nf3 Nc6 3. Bg5 Qd6 4. Nc3 Bg4 5. Qd2 a6 6. Ne5 Be6 7. Bf4 Nxe5 8. Bxe5 Qd7 9. f3 f6 10. Bg3 Bf7 11. e4 e6 12. Bd3 Bb4 13. a3 Ba5 14. b4 Bb6 15. Ne2 Ne7 16. e5 0-0 17. exf6 gxf6 18. h4 Bg6 19. Bxg6 Nxg6 20. h5 Ne7 21. Bf2 a5 22. 0-0 Nf5 23. h6 c6 24. g4 Nd6 25. Ng3 Qf7 26. c3 Qg6 27. Rae1 Rae8 28. Kg2 Bc7 29. Rh1 Nc4 30. Qc1 Kh8 31. Rh5 Rg8 32. Reh1 Qf7 33. Ne2 axb4 34. axb4 Ra8 35. Qc2 Rg6 36. Qd3 0-1